Loading...
| Religion | 3 | 2 | 1 | 0 | 60 | 15 | 47.80 | 3 | 4 | 36.23 | 48.61 |
| History - American | 0 | 4 | 0 | 3 | 40 | 91 | 112.75 | 0 | 1 | 2.76 | 6.94 |
| History - European | 0 | 3 | 0 | 1 | 30 | 74 | 99.33 | 0 | 1 | 6.31 | 15.28 |
| Philosophy | 1 | 1 | 0 | 0 | 25 | 56 | 79.50 | 0 | 1 | 7.71 | 12.50 |
| Social Science | 1 | 1 | 1 | 1 | 20 | 56 | 93.50 | 1 | 1 | 6.59 | 11.11 |
| Geography | 0 | 2 | 0 | 0 | 20 | 79 | 88.50 | 0 | 1 | 17.88 | 21.88 |
| History - World | 0 | 2 | 0 | 1 | 20 | 77 | 103.50 | 0 | 0 | 3.95 | 5.56 |
| History - Other | 0 | 1 | 0 | 0 | 10 | 86 | 86.00 | 0 | 0 | 18.15 | 12.50 |
| Current Events | 0 | 1 | 0 | 0 | 10 | 81 | 81.00 | 0 | 0 | 15.38 | 31.25 |
| Mathematics | 0 | 1 | 0 | 1 | 10 | 121 | 121.00 | 0 | 1 | 1.63 | 37.50 |
| History - Ancient/Other | 0 | 0 | 1 | 0 | -5 | 0.00 | 0 | 0 | 0.00 | 0.00 |